The financial impact of the Entry Level scheme in the uplands (Record no. 107487)

MARC details
000 -LEADER
fixed length control field 01649cai a22002175a 4500
001 - CONTROL NUMBER
control field L140347
008 - FIXED-LENGTH DATA ELEMENTS--GENERAL INFORMATION
fixed length control field 070919e20070417xxk f 100 0 eng d
035 ## - SYSTEM CONTROL NUMBER
System control number (Sirsi) u140347
041 0# - LANGUAGE CODE
Language code of text/sound track or separate title eng
050 04 - LIBRARY OF CONGRESS CALL NUMBER
Classification number 338.1 $2 22
111 2# - MAIN ENTRY--MEETING NAME
Meeting name or jurisdiction name as entry element Roots Rural Research Conference 2007
Location of meeting RICS, London
Date of meeting or treaty signing 17 April 2007
245 04 - TITLE STATEMENT
Title The financial impact of the Entry Level scheme in the uplands
Remainder of title a case study assessment on farms in Teesdale
Medium [electronic resource]
260 ## - PUBLICATION, DISTRIBUTION, ETC.
Place of publication, distribution, etc. London
Name of publisher, distributor, etc. RICS
Date of publication, distribution, etc. 2007
520 ## - SUMMARY, ETC.
Summary, etc. Using a case study approach, assesses the income foregone as a result of participation in the Entry Level Scheme (ELS). Examines ELS impact on farm profit and the differences between the actual costs and income foregone and those assumed by the Department for the Environment, Food and Rural Affairs (DEFRA) in setting ELS payment rates. Finds that there is a substantial difference between the actual costs and income foregone and those assumed by DEFRA. The farms were therefore able to profit from their ELS agreements and it did make a positive contribution to farm income. Discusses issues about the principles involved, in particular the use of actual and notional costs and the overlap between agri-environment requirements and voluntary unpaid measures undertaken by farmers ex ante. Asks whether it is only those farmers who are able to profit who will enter the scheme.
590 ## - LOCAL NOTE (RLIN)
Local note ka
651 #4 - SUBJECT ADDED ENTRY--GEOGRAPHIC NAME
Geographic name England and Wales
Chronological subdivision 1543-
700 1# - ADDED ENTRY--PERSONAL NAME
Personal name Wallis, Jonathan
700 1# - ADDED ENTRY--PERSONAL NAME
Personal name Jones, James V.H.
856 40 - ELECTRONIC LOCATION AND ACCESS
Uniform Resource Identifier <a href="https://www.rics.org/site/scripts/download_info.aspx?fileID=3537">https://www.rics.org/site/scripts/download_info.aspx?fileID=3537</a>
Public note View this article free of charge at www.rics.org...
942 ## - ADDED ENTRY ELEMENTS (KOHA)
Suppress in OPAC 0
Holdings
Withdrawn status Lost status Source of classification or shelving scheme Damaged status Not for loan Home library Current library Shelving location Date acquired Total Checkouts Full call number Barcode Date last seen Copy number Price effective from Koha item type
    Dewey Decimal Classification     Virtual Virtual Online 19/09/2007   ONLINE PUBLICATION 140347-2001 06/08/2019 1 06/08/2019 Book